Score 0/81 Timer 08:00
2 Plays Today
Year Team % Correct
1964Duke
97.5%
1978Duke
97.5%
1986Duke
97.5%
1990Duke
97.5%
1994Duke
97.5%
1999Duke
97.5%
1946North Carolina
95.9%
1968North Carolina
95.9%
1977North Carolina
95.9%
1981North Carolina
95.9%
2016North Carolina
95.7%
1980UCLA
95.7%
2006UCLA
95.7%
1965Michigan
95.7%
1976Michigan
95.7%
1992Michigan
95.7%
1993Michigan
95.7%
1966Kentucky
94.9%
1975Kentucky
94.9%
1997Kentucky
94.9%
2014Kentucky
94.4%
2013Michigan
94.2%
2018Michigan
94%
1940Kansas
92.7%
1953Kansas
92.7%
1957Kansas
92.7%
1991Kansas
92.7%
Year Team % Correct
2003Kansas
92.7%
2002Indiana
92.1%
2012Kansas
91.8%
2009Michigan State
91.6%
2000Florida
90.2%
1939Ohio State
87%
1961Ohio State
87%
1962Ohio State
87%
2007Ohio State
87%
1987Syracuse
84.6%
1996Syracuse
84.6%
2010Butler
84.2%
2011Butler
84.2%
2001Arizona
83.3%
2015Wisconsin
82.1%
2019Texas Tech
81.7%
1947Oklahoma
81.5%
1988Oklahoma
81.5%
1943Georgetown
78.6%
1982Georgetown
78.6%
1985Georgetown
78.6%
2017Gonzaga
75.8%
1995Arkansas
75.7%
2005Illinois
72.1%
1973Memphis State
67.9%
2008Memphis
67.9%
1971Villanova
67.8%
Year Team % Correct
1974Marquette
65.8%
1963Cincinnati
65.4%
1949Oklahoma A&M
63.7%
2004Georgia Tech
62.2%
1960California
62%
1983Houston
58.7%
1984Houston
58.7%
1972Florida State
57.7%
1998Utah
55%
1951Kansas State
54.9%
1979Indiana State
52.9%
1956Iowa
52.7%
1969Purdue
47.9%
1941Washington State
45.4%
1959West Virginia
42.5%
1952St. John's
42.2%
1989Seton Hall
40.7%
1948Baylor
35%
1955La Salle
20.2%
1945NYU
19%
1967Dayton
15%
1970Jacksonville
14.7%
1942Dartmouth
12.8%
1944Dartmouth
12.8%
1950Bradley
11%
1954Bradley
11%
1958Seattle
10.8%
Remove Ads.
Support Sporcle.
Get the best of Sporcle when you Go Orange. This ad-free experience offers more features, more stats, and more fun while also helping to support Sporcle. Thank you for becoming a member.

You're not logged in!

Compare scores with friends on all Sporcle quizzes.
OR
Log In

Sporcle TV

Today on Sporcle TV


Watch our educational content, quiz creation guides, and fun videos on Sporcle TV.

Show Comments

Extras

Top Quizzes Today


Score Distribution

Paid Content

Your Account Isn't Verified!

In order to create a playlist on Sporcle, you need to verify the email address you used during registration. Go to your Sporcle Settings to finish the process.

Report this User

Report this user for behavior that violates our Community Guidelines.

Details: